| 000 | 00544nam a22002057a 4500 | ||
|---|---|---|---|
| 003 | FEu | ||
| 005 | 20140310182810.0 | ||
| 008 | 130219t xxu||||| |||| 00| 0 eng d | ||
| 020 | _a978-9814314794 | ||
| 050 |
_aT 58.64 _b.R462 2010 |
||
| 100 | _aReynolds, George W. | ||
| 245 |
_aInformation technology management / _cReynolds, George W. |
||
| 260 |
_aPasig City _bCengage Learning Asia Pte. Ltd, _c2010. |
||
| 300 |
_a329 p. : _c23 cm. |
||
| 521 | _aIT | ||
| 562 | _e2 | ||
| 942 |
_2lcc _cBK _kFOR |
||
| 999 |
_c16164 _d16164 |
||